Normale Ansicht MARC-Ansicht ISBD

Who will write our history? (Titelsatznr. 68579)

[ MARC ]
MARC-Details
000 -Satzkennung
Kontrollfeld mit fester Länge 01847nam a2200445Ia 4500
001 - Kontrollnummer
Kontrollfeld MIU01100000000000000000231
003 - Kontrollnummer Identifier
Kontrollfeld MiU
005 - Datum und Zeit der letzten Transaktion
Kontrollfeld 20231010141554.0
008 - Feld mit fester Länge zur physischen Beschreibung - Allgemeine Angaben
Kontrollfeld mit fester Länge 150709s2007 inuabf sb 001 0 eng d
007 - Feld mit fester Länge zur physischen Beschreibung - Allgemeine Information
Kontrollfeld mit fester Länge cr mnummmmuuuu
040 ## - Katalogisierungsquelle
Original-Katalogisierungsstelle MiU
Übertragungsstelle MiU
024 7# - Anderer Standardidentifier
Standardnummer oder Code 2027/heb32485
Quelle der Nummer oder des Codes hdl
090 ## - LOCALLY ASSIGNED LC-TYPE CALL NUMBER (OCLC); LOCAL CALL NUMBER (RLIN)
Notation (OCLC) (R) ; Notation, CALL (RLIN) (NR) DS134.53
Local cutter number (OCLC) ; Book number/undivided call number, CALL (RLIN) (INTERNET)
041 ## - Sprachcode
Sprachcode des Textes/der Tonspur oder des separaten Titels eng
100 1# - Haupteintragung - Personenname
Personenname Kassow, Samuel D.
Koha-Normdatenidentnummer 52770
245 10 - Titel
Titel Who will write our history?
Medium [electronic resource] :
Zusatz zum Titel Emanuel Ringelblum, the Warsaw Ghetto, and the Oyneg Shabes Archive /
Verfasserangabe etc. Samuel D. Kassow.
246 30 - Titelvarianten
Hauptsachtitel/Kurztitel Emanuel Ringelblum, the Warsaw Ghetto, and the Oyneg Shabes Archive
264 ## - Produktion, Veröffentlichung, Distribution, Herstellung und Urheberrechtsvermerk
Herstellungs-, Veröffentlichungs- Vertriebs-, Erzeugungsort Bloomington :
Produzent, Herausgeber, Distributor, Hersteller Indiana University Press,
Datum der Herstellung, der Veröffentlichung, des Vertriebs oder des Urheberschutzvermerks c2007.
300 ## - Physische Beschreibung
Umfang xiii, 523 p., [24] p. of plates :
Andere physische Details ill., maps ;
Maße 25 cm.
336 ## - Inhaltstyp
Quelle rdacontent
Inhaltstypcode txt
Inhaltstypterm Text
337 ## - Medientyp
Quelle rdamedia
Medientypcode bc
Bezeichnung des Medientyps Computermedien
338 ## - Datenträgertyp
Quelle rdacarrier
Datenträgertypcode cr
Datenträgertypbezeichnung Online Ressource
490 1# - Gesamttitelangabe
Gesamttitelangabe Helen and Martin Schwartz lectures in Jewish studies
504 ## - Fußnote zu Literaturverzeichnissen usw.
Fußnote zu Bibliographien usw. Includes bibliographical references (p. 481-493) and index.
588 ## - Anmerkung zur Ausgabe, zum Teil oder zur Iteration, die/der als Grunlage für die Identifizierung der Ressource verwendet wird
Anmerkung zur Ausgabe, zum Teil oder zur Iteration, die/der als Grunlage für die Identifizierung der Ressource verwendet wird Description based on print version.
500 ## - Allgemeine Fußnote
Allgemeine Fußnote E-Book-ACLS / Zugriff nur im DHI-Lesesaal
500 ## - Allgemeine Fußnote
Allgemeine Fußnote American Council of Learned Societies/ https://www.humanitiesebook.org/about/
650 #0 - Nebeneintragung unter einem Schlagwort - Sachschlagwort
Allgemeine Unterteilung Persecutions
Geografische Unterteilung Poland
-- Warsaw.
Koha-Normdatenidentnummer 52771
610 20 - Nebeneintragung unter einem Schlagwort - Körperschaftsname
Körperschafts- oder Gebietskörperschaftsname als Eintragungselement Oyneg Shabes (Group)
Koha-Normdatenidentnummer 52772
650 #0 - Nebeneintragung unter einem Schlagwort - Sachschlagwort
Geografische Unterteilung Poland
-- Warsaw
Allgemeine Unterteilung History.
Koha-Normdatenidentnummer 52773
651 #0 - Nebeneintragung unter einem Schlagwort - Geografischer Name
Geografischer Name Warsaw (Poland)
Allgemeine Unterteilung History
Chronologische Unterteilung Warsaw Ghetto Uprising, 1943.
Koha-Normdatenidentnummer 52774
600 10 - Nebeneintragung unter einem Schlagwort - Personenname
Personenname Ringelblum, Emanuel,
Datumsangaben in Verbindung mit einem Namen 1900-1944.
Koha-Normdatenidentnummer 52775
610 20 - Nebeneintragung unter einem Schlagwort - Körperschaftsname
Körperschafts- oder Gebietskörperschaftsname als Eintragungselement Ringelblum-Archiv
Allgemeine Unterteilung History.
Koha-Normdatenidentnummer 52776
653 ## - Indexierungsterm - Nicht normiert
Nicht-normierter Term Jews
653 ## - Indexierungsterm - Nicht normiert
Nicht-normierter Term Holocaust, Jewish (1939-1945)
830 #0 - Nebeneintragung unter dem Gesamttitel - Einheitstitel
Einheitstitel Helen and Martin Schwartz lectures in Jewish studies.
Koha-Normdatenidentnummer 52777
830 #0 - Nebeneintragung unter dem Gesamttitel - Einheitstitel
Einheitstitel ACLS Humanities E-Book.
Koha-Normdatenidentnummer 52778
856 40 - Elektronische Adresse und Zugriff
OPAC-Notiz Volltext
URL <a href="https://hdl.handle.net/2027/heb32485">https://hdl.handle.net/2027/heb32485</a>
942 ## - Zusätzliche Felder (Koha)
Koha-Medientyp E-Books
Exemplare
Ausgeschieden Verloren Beschädigt Nicht entleihbar Heimatbibliothek Aufenthaltsbibliothek Aufstellungsort Erwerbungsdatum Inventarnummer Signatur Barcode Letzte Aktivität Preis gültig von Koha-Medientyp
        MWN Osteuropa MWN Osteuropa Online-Ressource 10/10/2023 23-e0ACLS E-23-e0ACLS 71414 10/10/2023 10/10/2023 E-Books